Woodcarving in the Scandinavian style

Bibliographic Details
Main Author: Refsal, Harley
Format: Book
Published: New York : Sterling Publishing , 1992
Subjects:

MARC

LEADER 00000cam a2200000 7i4500
001 0000001452
002 000001597
005 20000330.0
020 |a 0806986336 
090 0 0 |a 736.40948   |b REF 
100 1 |a Refsal, Harley 
245 1 0 |a Woodcarving in the Scandinavian style   |c Harley Refsal 
260 |a New York :   |b Sterling Publishing ,   |c 1992 
300 |a 128 p. :   |b ill. ;   |c 26 cm. 
650 0 0 |a Wood-carving   |z Norway 
999 |a 033029   |b BUKU   |c PINJAMAN   |e PERPUSTAKAAN KOMUNITI PETALING JAYA 
999 |a 033030   |b BUKU   |c PINJAMAN   |e PERPUSTAKAAN KOMUNITI PETALING JAYA